000 01255nam a2200217Ia 4500
003 Ost
005 20260507075614.0
008 260507s9999||||xx |||||||||||||| ||und||
020 _a9789961018798
040 _cfsecg
041 _aara
082 _a330.0151
100 _aمكيد، علي
_eمؤلف
245 0 _aبحوث العمليات وتطبيقات الإقتصادية :
_bنظرية الشبكات ومسائل النقل والتخصيص دروس ومسائل محلولة /
_c علي مكيد
260 _aالجزائر:
_bديوان المطبوعات الجامعية,
_c2016
300 _a335 صفحة؛
_bإيضاحات ؛
_c22 سم
504 _aالمراجع ص.332
520 _aيشتمل هذا الكتاب المعنون بـ "بحوث العمليات وتطبيقاتها الاقتصادية" على مواضيع أساسية في بحوث العمليات ، حيث احتوى الفصل الأولى على مسألة النقل، أما الفصل الثاني فقد خصص لمسالة التخصيص ، في حين احتوى الفصل الثالث على عرض مستفيض لنظرية الشبكات وتطبيقاتها المختلفة .
653 _aالإقتصاد الكمي
942 _cكتاب
999 _c45104
_d45104